000 00800nam a2200265Ia 4500
001 Para_8644
003 CHAP
008 220125s9999 xx 000 0 und d
010 _a207455
040 _cCHAP
082 _aPA-C 595.752 A6
100 _aGossard, H. A.
_950071
245 _aWar on greenhouse pests :
_b control measures recomended to save hothouse plants /
_c by H.A. Gossard
300 _a12 p.
440 _aAphidae; 28
_9174048
500 _aEncuadernado con otros impresos similares
650 _a
_x Afididos
_x Colecciones de escritos
_x Control de plagas
_x Invernaderos
_9174051
901 _aPA-C 595.752 A6
902 _aA
905 _a000000 0000000000 00
910 _a
942 _cPARA
942 _cPARA
_d1
999 _c207455
_d207455